| 000 | 00363nam a22001217a 4500 | ||
|---|---|---|---|
| 082 | _a200 THE | ||
| 100 |
_aMuhammad Nabeel Khalid _931492 |
||
| 245 | _aTH-SOF-1191-Performance Optimization of ZnO Based LED | ||
| 260 |
_aIslamabad _bNUST College of EME _c2015 |
||
| 650 | _a MS-ELECT-71 MSTHESIS | ||
| 700 |
_aSupervison Dr. Hamood ur Rehman _970291 |
||
| 942 | _cCF | ||
| 999 |
_c577465 _d577465 |
||